| 000 | 00479nam a22001697a 4500 | ||
|---|---|---|---|
| 003 | OSt | ||
| 005 | 20220908220721.0 | ||
| 008 | 220908b |||||||| |||| 00| 0 eng d | ||
| 040 | _cBiblioteca Lado V | ||
| 082 |
_a708.071 _bG589g |
||
| 100 | _aGodoy, Marco | ||
| 245 | _aGIRA/ | ||
| 260 |
_aMadrid, EspaƱa _bMuseo Nacional Centro de Arte Reina Sofia _c2019 |
||
| 300 |
_a51p. _c14x23cm |
||
| 700 | _aInvertido, Iris | ||
| 942 |
_2ddc _c1 _h708.077 _iG589g _n0 |
||
| 999 |
_c1969 _d1969 |
||